Responses for Show #8360 - Friday, March 19, 2021

Nick Cascone game 1.
Last game with Katie Couric as guest host.
Champion's winnings & consolation amounts matched to Pancreatic Cancer Dream Team from Stand Up to Cancer.

Contestants

[<< previous game]

Nick Cascone, an orthopedic physician assistant originally from Queens, New York

Jilana Rose-Silverberg, a data analyst originally from Madison, Wisconsin

Morgan Briles, a librarian from Nacogdoches, Texas (whose 2-day cash winnings total $37,200)

[next game >>]

Jeopardy! Round responses

JOBS IN THE BIBLE
PIRATE FLAGS
AMERICAN HISTORY
GET 'EM WHILE THEY'RE COLD
DOES THAT RING A BELL?
ON HIS BASEBALL HALL OF FAME PLAQUE
    $200 24
shepherds

Jilana
    $200 11
the Jolly Roger

Nick
    $200 1
the census

Morgan
    $200 30
Jell-O

Jilana
    $200 29
a belfry

Nick
    $200 26
Cal Ripken Jr.

Morgan
    $400 23
(Nick: Who are James & John?)
...
(Nick: Oh, the job.)
[Laughter]

fishing

JilanaNick
    $400 9
submarines

Nick
    $400 2
Denver, Colorado

Morgan
    $400 25
a shrimp cocktail

Morgan
    $400 28
the cat

Nick
    $400 27
DiMaggio

Nick
    $600 22
(Nick: What is warrior?)

hunter

Nick
Triple Stumper
    $600 20
red

Nick
    $600 3
(Katie: You're a New Yorker, I'm glad you got that.)

Aaron Burr

Nick
    $600 17
coleslaw

Nick
    $600 21
Saved By the Bell

Nick
    $600 6
Lasorda

Nick
    $800 15
carpenter

Triple Stumper
    $800 19
Blackbeard

Jilana
    $800 8
tea party

Jilana
    $800 16
watermelon

Jilana
    $800 18
bell, book & candle

Nick
    $800 5
(Jilana: Who is Hank Aaron?)

Willie Mays

JilanaNick
    $1000 14
scribes

Nick
    $1000 10
[NOTE: Jilana did not include the leading article.]

The Pirates of Penzance

Jilana
    $1,600 12
(Nick: Who is...)
(Katie: Wanna give it a try?)
(Nick: Martin Van Buren.)
(Katie: Nope. Who is [*]? The Battle of New Orleans.)

Andrew Jackson

Nick
    $1000 7
gazpacho

Morgan
    $1000 13
a diving bell

Nick
    $1000 4
(Nick: Who is Honus Wagner?)

Babe Ruth

Nick
Triple Stumper

Scores at the first commercial break (after clue 15):

Morgan Jilana Nick
$1,600 $1,000 $2,000

Scores at the end of the Jeopardy! Round:

Morgan Jilana Nick
$2,200 $3,400 $4,600

Double Jeopardy! Round responses

AN HONORARY KNIGHT TO REMEMBER
THE HUMAN BODY
ENDS IN A FEMALE FIRST NAME
LAKES
PLAY "IN"
(Katie: The word "in" is part of each title.)
GAME
    $400 14
Bono

Morgan
    $400 20
the brain

Morgan
    $400 21
a primary

Nick
    $400 1
Minnesota

Morgan
    $400 30
Angels in America

Morgan
    $400 6
Endgame

Nick
    $800 15
Bill Gates

Morgan
    $800 17
the heart

Jilana
    $800 27
Bolivia

Nick
    $800 2
the Hoover Dam

Nick
    $800 29
How to Succeed in Business Without Really Trying

Nick
    $800 26
massive multiplayer

Jilana
    $1200 16
Schwarzkopf

Nick
    $1200 10
fat tissue

Jilana
    $1200 24
infamy

Nick
    $1200 11
Lake Ontario

Morgan
    $1200 28
A Raisin in the Sun

Morgan
    $1200 25
WarGames

Morgan
    $1600 18
Ted Kennedy

Jilana
    $7,400 4
the adrenal glands

Nick
    $1600 23
malice

Jilana
    $1600 12
Lake Nicaragua

Morgan
    $8,000 9
(Nick: What is...)
[Time's up]
(Nick: In Yonkers.)

Lost in Yonkers

Nick
    $1600 7
The Imitation Game

Nick
    $2000 19
Simon Wiesenthal

Triple Stumper
    $2000 3
the spleen

Nick
    $2000 22
a cantina

Jilana
    $2000 13
Lake Baikal

Jilana
    $2000 8
The Lion in Winter

Nick
    $2000 5
Adam Scott

Morgan

Scores at the end of the Double Jeopardy! Round:

Morgan Jilana Nick
$11,800 $13,400 $15,200

[wagering suggestions for these scores]

Final Jeopardy! Round responses

ARTISTS
(Katie: [To Morgan] The death of Casagemas started [*]'s Blue Period.)
[NOTE: The total raised for Pancreatic Cancer Dream Team from Stand Up to Cancer is $230,504.]
MorganWho Pablo Picasso?
$10,000
JilanaWho is Picasso Picasso?
$11,801
NickWho was Picasso?
$11,601
(Pablo) Picasso

Final scores:

Morgan Jilana Nick
$21,800 $25,201 $26,801
3rd place: $1,000 2nd place: $2,000 New champion: $26,801

Game dynamics:

Coryat scores:

Morgan Jilana Nick
$11,800 $13,400 $19,000
15 R,
0 W
14 R,
1 W
25 R
(including 1 DD),
5 W
(including 2 DDs)

Combined Coryat: $44,200

[game clues] [game scores] [suggest correction]

Game tape date: 2021-01-20
The J! Archive is created by fans, for fans. Scraping, republication, monetization, and malicious use prohibited; this site may use cookies and collect identifying information. See terms. The Jeopardy! game show and all elements thereof, including but not limited to copyright and trademark thereto, are the property of Jeopardy Productions, Inc. and are protected under law. This website is not affiliated with, sponsored by, or operated by Jeopardy Productions, Inc. Join the discussion at JBoard.tv.